Catálogo
 En Linea

Legislación atinente a menores en las Américas. (Registro nro. 39403)

Detalles MARC
000 -CABECERA
campo de control de longitud fija 00263nam a2200097 a 4500
005 - FECHA Y HORA DE LA ÚLTIMA TRANSACCIÓN
campo de control 20201002033814.0
008 - DATOS DE LONGITUD FIJA--INFORMACIÓN GENERAL
campo de control de longitud fija 130729s1967 000 spa d
040 ## - FUENTE DE LA CATALOGACIÓN
Centro catalogador/agencia de origen DO-SdBNP
245 #0 - MENCIÓN DE TÍTULO
Título Legislación atinente a menores en las Américas.
260 ## - PUBLICACIÓN, DISTRIBUCIÓN, ETC.
Lugar de publicación, distribución, etc. Montevideo,
Fecha de publicación, distribución, etc. 1967.

No hay ítems disponibles.

Con tecnología Koha